000 00575nam a22001937a 4500
005 20251108164804.0
008 250721s1975 xx 000 0 ara d
082 1 4 _a811.9563/محم
100 1 _aالخفاجي، محمد علي
245 1 0 _aلم يأت أمس سأقابله الليلة /
264 1 _aبغداد :
_bوزارة الإلام،
_c1975.
300 _a147ص
490 0 _aسلسلة كتابات جديدة
650 1 7 _aالشعر العربي
650 1 7 _aالعصر الحديث
650 1 7 _aالعراق
942 _2ddc
_cBK
999 _c14392
_d14392